000 00510cam a2200205 4500
001 J1445
008 090401t1993 xxu||||| |||| 00| 0 eng d
035 _a(Sirsi) u43485
041 _aeng
050 _a306.109421
110 _aLondon Research Centre
_93277
245 _aLondon housing survey 1992: first findings.
260 _aLondon
_bLondon Research Centre
_c1993
300 _a11p. ; 30cm.
350 _a0
650 _aHOUSING SURVEYS
690 _aHOUSING
942 _n0
948 _c04/03/1997
999 _c91340
_d91340